| 000 | 00599nam a2200229 a 4500 | ||
|---|---|---|---|
| 999 |
_c5510 _d5510 |
||
| 001 | 5510 | ||
| 003 | BD-JhCC | ||
| 005 | 20180114180358.0 | ||
| 008 | 171217s1994 bg ||||| ||a| 00| 0 mul d | ||
| 020 | _a984074660X | ||
| 035 | _a(BD-JhCC)5510 | ||
| 040 |
_aBD-JhCC _dBD-JhCC |
||
| 041 | _amul | ||
| 082 |
_a491.443 _bBAN 1994 |
||
| 245 |
_aBangla Academy : _bBengali - English Dictionary / _cMohammad Ali edited |
||
| 260 |
_aDhaka : _bBangla Academy, _c1994. |
||
| 300 |
_a878 p. : _c21 cm. |
||
| 650 | _aDictionaries, Bengali | ||
| 700 | _aAli, Mohammad | ||
| 942 |
_2ddc _cBK |
||